| 000 | 00648nam a2200229Ia 4500 | ||
|---|---|---|---|
| 005 | 20260429112308.0 | ||
| 008 | 260429s9999||||xx |||||||||||||| ||und|| | ||
| 020 | _a9788198815026 | ||
| 041 | _aEnglish | ||
| 082 |
_a551.48 _bKUM |
||
| 100 | _aKumar, Sunil | ||
| 245 | 0 |
_aHydrological geography : _bwater systems and society / _cSunil Kumar |
|
| 260 |
_aJaipur : _bBook Enclave, _c2025. |
||
| 300 | _ax, 306 p.; hb | ||
| 650 | _a Environmental geography | ||
| 650 | _a Human-environment interaction | ||
| 650 | _a Hydrological geography | ||
| 650 | _a Water resources | ||
| 650 | _a Water systems | ||
| 650 | _aHydrology | ||
| 942 | _cTB | ||
| 999 |
_c53359 _d53359 |
||